000 00803nam a22001817a 4500
010 _aHIN-129719
020 _a9788188457922
_c500.00
035 _aHN-102065
037 _bDBAD
082 _a808.883
245 _aनागार्जुन दिल्ली में
_cजाहिदुल दीवान द्वारा संपादित
250 _aप्रथम
260 _aनई दिल्ली
_bकल्याणी शिक्षा परिषद्
_c2023
270 _a3320-21,जटवाड़ा, दरियागंज,
_bनई दिल्ली
_e110002
300 _a192पृ.
_c22सेमी(सजिल्द)
700 _aदीवान, जाहिदुल
_981006
942 _2ddc
_cHN
_h808.883
_mनागार्जु
999 _c156871
_d156871